One Piece Quiz (all episodes and manga) - Statistics

General Stats
  • This quiz has been taken 34 times
    32 since last reset
  • The average score is 4 of 10
Answer Stats
Question Hint Answer % Correct
Who escaped from Impel Down before Roger died? Shiki | Morley
83%
Finish the last name: Scopper _____ Elbaph Gaban
67%
Who is with Garp most of the time? Simple hat Bogard
54%
Who was watching the scene secretly when Cobra was in Mariejois? Chest Wapol
50%
Where did Luffy meet Blackbeard for the first time? Skypiea Mock Town
46%
How old was Whitebeard when he died? 72
33%
What was the name of Luffy's final attack against Kaido? Bajrang Gun
17%
What was Big Mom's first bounty? Elbaph 50m
8%
What marine rank is Sengoku currently (after his demotion)? Inspector
4%
Who grew up in Aoi Kingdom? (HARDEST QUESTION) Issho | Fujitora
4%
No matching quizzes found
Score Distribution
Percent of People with Each Score
Percentile by Number Answered
Your Score History
You have not taken this quiz since the last reset